Country Names Ending in S - Statistics

General Stats
  • This quiz has been taken 64 times
  • The average score is 10 of 12
Answer Stats
Hint Answer % Correct
North America Honduras
94%
Asia Laos
91%
North America Bahamas
89%
North America Barbados
87%
Africa Seychelles
85%
Europe Netherlands
83%
Europe Belarus
81%
Asia Maldives
79%
Africa Comoros
75%
Africa Mauritius
74%
Asia Cyprus
72%
Asia Philippines
72%
No matching quizzes found
Score Distribution
Percent of People with Each Score
Percentile by Number Answered
Your Score History
You have not taken this quiz